000 00639nam a22002537a 4500
003 UA-OsUOA
001 20997
007 ta
008 20031110b un ||||| |||| 00| 0 ukr d
100 _aВерстюк В.Ф.
700 _aПиріг Р.Я.
090 _a94:929
_bВ35
942 _cBK
040 _aUA-OsUOA
_bukr
_cUA-OsUOA
_dUA-OsUOA
245 _aМ.С.Грушевський
_bКоротка хроніка життя та діяльності
300 _a144 с.
955 _a0
041 _aukr
080 _a94:929
260 _aКиїв
_bЛибідь
_c1996
044 _aUA
650 7 _2UDC
999 _c307187
_d307187